Statistics for Cricket Statistics - Test Bowlers

Click here to take the quiz!

General Stats

  • This quiz has been taken 1,150 times
    (1,147 since last reset)
  • The average score is 5 of 10

Answer Stats

HintAnswer% Correct
3) ENGJ.M Anderson
94%
1) RSAD.W Steyn
90%
8) ENGS.C.J Broad
87%
4) ENGG.P Swann
70%
2) PKNS. Ajmal
46%
6) RSAV.D Philander
45%
5) SLH.M.R.K.B Herath
42%
7) AUSB.W Hilfenhaus
22%
10) PKNA. Rehman
1%
9) AUSP.M Siddle
1%

Score Distribution

Percentile by Number Answered

Percent of People with Each Score

Your Score History

You have not taken this quiz since the last reset